Wings of Fire Trivia #3: Book Two - Statistics

General Stats
  • This quiz has been taken 631 times
  • The average score is 12 of 16
Answer Stats
Hint Answer % Correct
Tsunami
99%
Who is the main character/"Lost Heir"? Tsunami
99%
Dragonets of Destiny Clay
96%
Sunny
94%
Book Two Name The Lost Heir
94%
Glory
93%
Starflight
93%
Names of Tsunami's sisters Anemone
82%
Auklet
81%
Name of the animus dragon that enchanted her own statue Orca
77%
Anemone's animus powers teacher Whirlpool
70%
Name of Mudwing that betrays the Talons of peace Crocodile
60%
Seawings' Abilities Can breathe underwater
55%
Kingdom entered by dragonets Kingdom of the Sea
41%
Very good swimmers
32%
Communicate with flashing scales
18%
No matching quizzes found
Score Distribution
Percent of People with Each Score
Percentile by Number Answered
Your Score History
You have not taken this quiz